Computational model of gas turbine combustor

Bibliographic Details
Main Authors: Awad, Azmy S. Kh (Author), Molnár, Vojtech, 1947- (Author)
Format: Article
Language:Slovak
English
PhysicalDescription:Obr.
ISSN:0039-2472
Subjects:

MARC

LEADER 00000nab a2200000 a 4500
001 vtls000659275
003 SK-MaSNL
005 20260304084010.0
008 250425c1998 xo 0 slo
015 |a SNBRA1998/04-11404 
035 |a CLN000011467 
035 |a urn:nbn:sk:snk-abbrrn 
035 |a (urnnbn)urn:nbn:sk:snk:ar-a09uw1 
035 |a (uuid)6f18ac7d-159f-4fa7-b0bd-82a34938d4d3 
040 |a SNKBUCL  |b slo  |c SNKBUCL  |e AACR2 
041 0 |a eng 
044 |a xo  |c SK 
080 |a 621.438.01:517.9:519.6  |2 1997 
080 |a 517.9  |2 1997 
080 |a 519.6  |2 1997 
100 1 |a Awad, Azmy S. Kh.  |4 aut  |9 1375741 
245 1 0 |a Computational model of gas turbine combustor  |c A.S.Kh. Awad, V. Molnár 
300 |b Obr. 
504 |a Bibliogr. odkazy 
650 0 7 |a plynové turbíny  |2 snkbucl  |9 70825 
650 0 7 |a komory spaľovacie  |x turbíny plynové  |x modely počítačové  |2 snkbucl  |9 1375742 
655 7 |a články z novín a časopisov  |2 snkbucl  |9 267496 
700 1 |a Molnár, Vojtech,  |d 1947-  |4 aut  |9 212440 
773 0 |t Strojnícky časopis  |g Roč. 49, č. 2 (1998), s. 112-123  |x 0039-2472 
850 |a Slovenská národná knižnica 
852 |a Slovenská národná knižnica 
958 |a article15 
958 |a NB 
958 |a OND 
958 |a EUIPO 
992 |a RBX 
999 |c 2801863  |d 2803793